000
00202 a2200097 4500
001
10161
100
_a
Jones, G J
245
_a
From stalin to khrushchev
260
_a
_b
Linden
_c
090
_c
7895
_d
7895
942
_a
NUST-CAE
_c
M
_c
34594
999
_c
245234
_d
245234